00996nam a2200241 a 450000100100000000500170001000800410002702000150006804000250008304100380010808200150014610000240016124000640018524501750024926000660042430000210049053400740051150000600058550000320064570000240067770000200070170000330072100002587020200930024119.0110217s1976 sp r 000 | spa d a8427706332 aDO-SdBNPbspacBNPHU aspaheng2Código de idioma MARC axxxbH572c1 aHersh, Richard H. , 0aPromoting moral growth : from Piaget to KohlberglEspañol13aEl crecimiento moral :bde Piaget a Kohlberg /cRichard H. Hersh, Diana P. Paolitto, Joseph Reimer; traducción Carmen Fernández Aguinaco; prólogo Lawrence Kohlberg. aLa Habana :bUnión de Escritores y Artistas de Cuba,c1976. a192 p. ;c24 cm. aTítulo original :tPromoting moral growth : from Piaget to Kohlberg aIncluye referencia bibliográficas al pie de páginas aBibliografía : p. 185-1881 aPaolitto, Diana P.,1 aReimer, Joseph,1 aKohlberg, Lawrence,epról.